| 000 | 00400 a2200157 4500 | ||
|---|---|---|---|
| 999 |
_c6512 _d6512 |
||
| 020 | _a0719543959 | ||
| 050 | _aQM23.2ROW 1996 | ||
| 100 |
_aH.G.O Rowett _eauthor |
||
| 245 |
_aBasic Anatomy and Physiology : _cH.G.O Rowett |
||
| 250 | _a3rd | ||
| 264 |
_aLondon: _bJohn Murray, _c1996 |
||
| 300 |
_a142p. _bill. |
||
| 500 | _aIncludes index | ||
| 650 | _aAnatomy | ||
| 942 |
_2lcc _cBK _e3rd _h23.2 _iROW _kQM |
||